Normal view
MARC view
- Law
Entry Topical Term
001 - CONTROL NUMBER
- control field: 128772
003 - CONTROL NUMBER IDENTIFIER
- control field: NUST
005 - DATE AND TIME OF LATEST TRANSACTION
- control field: 20250417100331.0
008 - FIXED-LENGTH DATA ELEMENTS
- fixed length control field: 250417|| aca||aabn | a|a d
040 ## - CATALOGING SOURCE
- Original cataloging agency: NUST
- Transcribing agency: NUST
150 ## - HEADING--TOPICAL TERM
- Topical term or geographic name entry element: Law
- Geographic subdivision: England
- General subdivision: History
- Form subdivision: Miscellanea
670 ## - SOURCE DATA FOUND
- Source citation: Work cat.: (NUST)0: Cawthorne, Nigel, 1951- author. 128771, The strange laws of old England /
